FIFA World Cup Golden Boot Winners - Statistics

General Stats
  • This quiz has been taken 164 times
  • The average score is 12 of 27
Answer Stats
Year Host Nationality Number of Goals Player % Correct
2018 Russia English 6 Harry Kane
98%
2002 Japan and South Korea Brazilian 8 Ronaldo
97%
1970 Mexico German 10 Gerd Müller
92%
2010 South Africa German 5 Thomas Müller
92%
2014 Brazil Colombian 6 James Rodríguez
91%
2006 Germany German 5 Miroslav Klose
89%
1966 England Portuguese 9 Eusébio
65%
1998 France Croatian 6 Davor Šuker
64%
- - Bulgarian - Hristo Stoichkov
64%
1986 Mexico English 6 Gary Lineker
61%
1982 Spain Italian 6 Paolo Rossi
48%
- - Brazilian - Garrincha
43%
1978 Argentina Argentine 6 Mario Kempes
42%
1958 Sweden French 13 Just Fontaine
39%
1990 Italy Italian 6 Salvatore Schillaci
30%
1974 West Germany Polish 7 Grzegorz Lato
26%
1954 Switzerland Hungarian 11 Sándor Kocsis
21%
1994 United States Russian 6 Oleg Salenko
20%
- - Brazilian - Vavá
20%
- - Chilean - Leonel Sánchez
15%
1938 France Brazilian 7 Leônidas
14%
1930 Uruguay Argentine 8 Guillermo Stábile
12%
1950 Brazil Brazilian 8 Ademir
9%
1962 Chile Hungarian 4 Flórián Albert
8%
1934 Italy Czech 5 Oldřich Nejedlý
8%
- - Yugoslav - Dražan Jerković
6%
- - Soviet - Valentin Ivanov
6%
No matching quizzes found
Score Distribution
Percent of People with Each Score
Percentile by Number Answered
Your Score History
You have not taken this quiz